Ekonomika triedeného zberu komunálneho odpadu na Slovensku (1. časť)

Bibliographic Details
Main Author: Lešinský, Daniel (Author)
Format: Article
Language:Slovak
Subjects:

MARC

LEADER 00000nab a2200000 a 4500
001 vtls000873454
003 SK-MaSNL
005 20260304120121.0
008 250429c2004 xo 0 slo
015 |a SNBRB2004/05-15858 
035 |a CLN000225006 
035 |a urn:nbn:sk:snk-abshf 
035 |a (urnnbn)urn:nbn:sk:snk:ar-a03mi1 
035 |a (uuid)4b2e43c0-518d-492e-bfa1-2f8bdbba942b 
040 |a SNKBUCL  |b slo  |c SNKBUCL  |e AACR2 
041 0 |a slo 
044 |a xo  |c SK 
080 |a 351.777.61(437.6):628.463  |2 1997 
080 |a 628.463(437.6)  |2 1997 
100 1 |a Lešinský, Daniel  |4 aut  |9 319639 
245 1 0 |a Ekonomika triedeného zberu komunálneho odpadu na Slovensku  |n (1. časť)  |c Daniel Lešinský 
300 |b Tab. 
650 0 7 |a odpad komunálny  |x zber separovaný  |x ekonomika  |z Slovensko  |2 snkbucl  |9 1423572 
655 7 |a články z novín a časopisov  |2 snkbucl  |9 267496 
773 0 |t Odpady  |g Roč. 4, č. 2 (2004), s. 6-8  |x 1335-7808 
850 |a Slovenská národná knižnica 
852 |a Slovenská národná knižnica 
954 |a odborná, vedecká literatúra pôvodná (slovenská)  |2 lita 
958 |a article27 
958 |a SK 
958 |a OND 
958 |a EUIPO 
992 |a RBX 
999 |c 2878721  |d 2880651